=LDR 00000nam 2200000 4500 =001 INLIS000000000026130 =005 20130612124604 =008 ***********************************Ind** =035 ##$$0010-061300000026130 =041 ##$$a Ind =082 ##$$a 362.2 =090 ##$$a 362.2, Kar h =100 ##$$a Kartono, Kartini =245 ##$$a Hygine mental dan kesehatan mental dalam islam, Kartini Kartono =260 ##$$a 1989 $b Bandung =300 ##$$a 328 hlm, ilus, 21 cm =650 ##$$a Mental =850 ##$$a NBPNMAT